Historia de la pedagogía

Furkejuvvon:
Bibliográfalaš dieđut
Váldodahkkit: Abbagnano, Nicolás (Dahkki), Visalberghi, A (Dahkki)
Materiálatiipa: Girji
Giella:espánnjágiella
Almmustuhtton: Ciudad de México Fondo de Cultura Económica 1964
Ráidu:Sección de Obras de Filosofía
Fáttát:
Fáddágilkorat: Lasit fáddágilkoriid
Eai fáddágilkorat, Lasit vuosttaš fáddágilkora!

MARC

LEADER 00000cam a2200000 a 4500
001 UCY7990
003 CL-VaPUC
008 950623e19640000MX |||||||||||||||||spa|d
020 |a 9789681606374 
082 0 4 |a 370.9  |b ABB  |2 21 
100 |a Abbagnano, Nicolás  |e author  |9 339031 
700 0 |a Visalberghi, A  |e author  |9 339032 
245 1 0 |a Historia de la pedagogía 
300 |a 688 p 
942 |c BK 
945 |d 19950623 00:00:00  |a mfernand 
260 |a Ciudad de México  |b Fondo de Cultura Económica  |c 1964 
650 0 |a Historia de la educación   |9 257642 
650 0 |a Filosofía de la educación   |9 258384 
650 0 |a Sociología de la educación   |9 260380 
650 0 |a Teoría de la educación   |9 309368 
583 |a last modification  |c 20170925 04:17:16  |k Rodrigo Vera 
490 0 |a Sección de Obras de Filosofía 
999 |c 235281  |d 235279 
952 |0 0  |1 0  |4 0  |6 370_900000000000000_ABB_1964  |7 0  |8 P  |9 242587  |a BIBEDU  |b BIBEDU  |c BIBEDU_PB  |d 2019-11-18  |i 1523805  |o 370.9 ABB 1964  |p 1523805  |r 2024-01-25  |w 2019-11-18  |y BK  |k EDU 
952 |0 0  |1 0  |4 0  |6 370_900000000000000_ABB_1964  |7 0  |8 P  |9 242588  |a BIBEDU  |b BIBEDU  |c BIBEDU_PB  |d 2019-11-18  |i 1528742  |o 370.9 ABB 1964  |p 1528742  |r 2024-01-25  |w 2019-11-18  |y BK  |k EDU 
952 |0 0  |1 0  |4 0  |6 370_900000000000000_ABB_1964  |7 0  |8 P  |9 242589  |a BIBEDU  |b BIBEDU  |c BIBEDU_PB  |d 2019-11-18  |i 4916859  |o 370.9 ABB 1964  |p 4916859  |r 2024-01-25  |w 2019-11-18  |y BK  |k EPE 
952 |0 0  |1 0  |3 erd  |4 0  |6 370_900000000000000_ABB_1964  |7 0  |8 A  |9 242590  |a BIBTEO  |b BIBTEO  |i 5071704  |o 370.9 ABB 1964  |p 5071704  |r 2025-01-17  |w 2019-11-18  |y BK  |z Catalogado en:20140502  |k ICR